000 00326nam a22001097a 4500
082 _a297JAW
_bعلامہ ابن قیم الجوزی
_cMasjid
245 _aطب نبوی
260 _aLahore
_bAl Nafees Publishers
_cOct 2010
300 _a536
526 _a0
_b0
_c0
_d297JAW_علامہ_ابن_قیم_الجوزی
942 _2ddc
_cBK
999 _c554041
_d554041